ბათუმის შოთა რუსთაველის სახელმწიფო უნივერსიტეტის ბიბლიოთეკა

Краткий курс математического анализа для втузов. (ბიბ.ჩანაწერი № 37384)

000 -LEADER
fixed length control field 00771nam a2200217Ia 4500
001 - CONTROL NUMBER
control field 3343
003 - CONTROL NUMBER IDENTIFIER
control field GE_BSU
008 - FIXED-LENGTH DATA ELEMENTS--GENERAL INFORMATION
fixed length control field 181216s||||||||xx |||||||||||||| ||und||
040 ## - CATALOGING SOURCE
Transcribing agency GE_BSU
080 ## - UNIVERSAL DECIMAL CLASSIFICATION NUMBER
Universal Decimal Classification number 517.0(075.8)
100 ## - MAIN ENTRY--PERSONAL NAME
Personal name Бермант,А.Ф.
245 ## - TITLE STATEMENT
Title Краткий курс математического анализа для втузов.
245 ## - TITLE STATEMENT
Statement of responsibility, etc. При редакционном участии И.Г.Арамановича; Ред.Н.А.Угарова.
250 ## - EDITION STATEMENT
Edition statement Издание третье, стереотипное.
260 ## - PUBLICATION, DISTRIBUTION, ETC.
Place of publication, distribution, etc. М.
260 ## - PUBLICATION, DISTRIBUTION, ETC.
Name of publisher, distributor, etc. Наука.
260 ## - PUBLICATION, DISTRIBUTION, ETC.
Date of publication, distribution, etc. 1965.
300 ## - PHYSICAL DESCRIPTION
Extent 664стр.илл.21см.
653 ## - INDEX TERM--UNCONTROLLED
Uncontrolled term Краткий курс математического анализа для втузов.
942 ## - ADDED ENTRY ELEMENTS (KOHA)
Koha item type წიგნი
ეგზემპლარები
Withdrawn status Lost status Damaged status Not for loan Date acquired Barcode Date last seen Price effective from Koha item type
        2018-12-17 9033 2018-12-17 2018-12-17 წიგნი